000 00932nam a2200205Ia 4500
003 OSt
005 20251216104949.0
008 221004b |||||||| |||| 00| 0 hin d
037 _cTB
040 _aCRL
_cCRL
_bhin
041 _2hin
_ahin
084 _aP15,Cx1,1,6 152L9
_qCL
100 _aशास्त्री, शिवनारायण
_9856866
245 0 _aवैयाकरणसिद्धान्तकौमुदी उत्तरार्ध भ्वादिगण
246 _aVaiyākaraṇasiddhāntakaumudī uttarārdha bhvādigaṇa
260 _aदिल्ली:
_bविश्वविद्यालय हिंदी माध्यम कार्यान्वय निदेशालय भारत,
_c1979.
300 _a775पृ0
_ccm.
942 _hP15,Cx1,1,6:g 152L9
_cTB
_2CC
_n0
999 _c1013576
_d1013576